Catalog

Record Details

Catalog Search



Dopad domácího násilí na oběť : bakalářská práce Cover Image Book Book

Dopad domácího násilí na oběť : bakalářská práce Iva Kirejevová ; Vedoucí práce: Lucie Hubertová

Record details

  • Physical Description: 68 s. příl.

Content descriptions

Bibliography, etc. Note:
bibliogr. s. 59

Available copies

  • 1 of 1 copy available at Common Catalog SPOK.

Holds

  • 0 current holds with 1 total copy.
Show Only Available Copies
Location Call Number / Copy Notes Barcode Shelving Location Status Due Date
Jabok Library ABP-1621 424480024107 Absolventské práce Reference -

Electronic resources

Version of Resource: Plný text


LDR 00718ntm a22 a 4500
0012349
003CZ-PrJAB
00520210309080001.0
008100805s2010 xr e |||| |cze
009cz
035 . ‡a(CONS)2349
035 . ‡aKPS0019817
0410 . ‡acze
10011. ‡715801 ‡aKirejevová, Iva
110 2. ‡aEvangelická teologická fakulta Univerzity Karlovy
2451 . ‡aDopad domácího násilí na oběť : ‡bbakalářská práce ‡cIva Kirejevová ; Vedoucí práce: Lucie Hubertová
260 . ‡aPraha ‡c2010
300 . ‡a68 s. ‡bpříl.
504 . ‡abibliogr. s. 59
653 . ‡adomácí násilí ‡aoběť ‡apsychické týrání ‡afyzické týrání ‡aviktimizace ‡asyndrom týrané ženy
70011. ‡715365 ‡aHubertová, Lucie
999 . ‡a1621- ‡c1621- ‡i424480024107 ‡tP
910 . ‡aABG312
85641. ‡uhttps://dspace.cuni.cz/handle/20.500.11956/27626 ‡yPlný text
901 . ‡a2349 ‡bCZ-PrJAB ‡c2349 ‡tbiblio

Additional Resources